000 00311nam a2200121Ia 4500
005 20251222155140.0
008 251222s9999||||xx |||||||||||||| ||spa||
082 _aEDUM.116
100 _aALAIN ARCE
245 0 _aMapas conceptuales de acuerdo al nuevo enfoque constructivista
264 _bAbedul
942 _cLIB
999 _c39157
_d39157